000 01131nam a2200277 i 4500
003 DO-SdBNP
005 20240228184147.0
006 a||||fr|||| 00| 0
007 ta
008 230612e1996 dr |||| |||| 00| 0 spa d
040 _aDO-SdBNP
_bspa
_cBNPHU
_erda
082 4 _222
_aR 338.0257293
_bD598i
245 _aDirectorio industrial de la República Dominicana 1995 :
_b(versión preliminar). /
_cPresentación, José Ramón González Pérez, Héctor Valdez Albizu
264 _aSanto Domingo :
_bBanco Central de la República Dominicana,
_c1996
300 _a151 páginas ;
_c26 cm.
336 _2rdaconten
_atexto
_btxt
337 _2rdamedia
_asin medición
_bn
338 _2rdacarrier
_avolumen
_bnc
590 _aInventariado 2023 / MF
651 1 _2República Dominicana
_vDirectorios
_xIndustria
_983535
651 0 _aIndustria
_xPublicaciones Periódicas
_zRepública Dominicana
_963859
700 2 _aGonzález Pérez, José Ramón
_983633
700 1 2 _aValdez Albizu, Héctor,
_d1947-
_epresentación
_912322
710 1 _936704
_aRepública Dominicana.
_bSecretaría de Estado de Industria y comercio
942 _2ddc
_cLBS1
999 _c53773
_d53773